A guidebook to dating, waiting and choosing a mate. (Record no. 16623)

000 -LEADER
fixed length control field 00516nam a2200169 a 4500
001 - CONTROL NUMBER
control field :::00019796$&:&@@
003 - CONTROL NUMBER IDENTIFIER
control field OkBaRHE
005 - DATE AND TIME OF LATEST TRANSACTION
control field 20011102155019.0
008 - FIXED-LENGTH DATA ELEMENTS--GENERAL INFORMATION
fixed length control field s1978 j 000 0 eng u
040 ## - CATALOGING SOURCE
Transcribing agency
100 1# - MAIN ENTRY--PERSONAL NAME
Personal name Wright, Norman & Inmon, Marvin
245 12 - TITLE STATEMENT
Title A guidebook to dating, waiting and choosing a mate.
260 ## - PUBLICATION, DISTRIBUTION, ETC. (IMPRINT)
Place of publication, distribution, etc Irvine, CA
Name of publisher, distributor, etc Harvest House
Date of publication, distribution, etc 1978
300 ## - PHYSICAL DESCRIPTION
Extent 158 p.
942 ## - ADDED ENTRY ELEMENTS (KOHA)
Source of classification or shelving scheme
Koha item type Books
Copies
Damaged status Lost status Date acquired Withdrawn status Koha item type Shelving location Price effective from Full call number Permanent Location Copy number Source of classification or shelving scheme Date last seen Barcode Not for loan
  2010-04-14 BooksGeneral Stacks2010-04-14HQ 801 .W7RHEMA Bible Training College1 2010-04-1419796